| 000 | 00527nam a2200181Ia 4500 | ||
|---|---|---|---|
| 008 | 090123s9999 xx 000 0 und d | ||
| 082 | _b43184 | ||
| 100 | _aचांदोरकर नीला | ||
| 245 | _aएक दिवस अचानक | ||
| 250 | _a1 | ||
| 260 | _c120 | ||
| 300 | _a316 | ||
| 600 | _aचांदोरकर नीला | ||
| 630 | _aएक दिवस अचानक | ||
| 700 | _aचांदोरकर नीला | ||
| 730 | _aएक दिवस अचानक | ||
| 942 | _cBOOK | ||
| 999 |
_c81269 _d81269 |
||